<?xml version="1.0" encoding="UTF-8"?><?xml-stylesheet type="text/xsl" href="static/style.xsl"?><OAI-PMH xmlns="http://www.openarchives.org/OAI/2.0/" xmlns:xsi="http://www.w3.org/2001/XMLSchema-instance" xsi:schemaLocation="http://www.openarchives.org/OAI/2.0/ http://www.openarchives.org/OAI/2.0/OAI-PMH.xsd"><responseDate>2026-05-17T10:27:18Z</responseDate><request verb="GetRecord" identifier="oai:repisalud.isciii.es:20.500.12105/10618" metadataPrefix="marc">https://repisalud.isciii.es/rest/oai/request</request><GetRecord><record><header><identifier>oai:repisalud.isciii.es:20.500.12105/10618</identifier><datestamp>2025-06-03T11:21:16Z</datestamp><setSpec>com_20.500.12105_2405</setSpec><setSpec>com_20.500.12105_2403</setSpec><setSpec>col_20.500.12105_2412</setSpec></header><metadata><record xmlns="http://www.loc.gov/MARC21/slim" xmlns:dcterms="http://purl.org/dc/terms/" xmlns:doc="http://www.lyncode.com/xoai" xmlns:xsi="http://www.w3.org/2001/XMLSchema-instance" xsi:schemaLocation="http://www.loc.gov/MARC21/slim http://www.loc.gov/standards/marcxml/schema/MARC21slim.xsd">
   <leader>00925njm 22002777a 4500</leader>
   <datafield ind2=" " ind1=" " tag="042">
      <subfield code="a">dc</subfield>
   </datafield>
   <datafield ind2=" " ind1=" " tag="720">
      <subfield code="a">Garcia-Carpintero, Esther Elena</subfield>
      <subfield code="e">author</subfield>
   </datafield>
   <datafield ind2=" " ind1=" " tag="720">
      <subfield code="a">Cárdaba-Arranz, Mario</subfield>
      <subfield code="e">author</subfield>
   </datafield>
   <datafield ind2=" " ind1=" " tag="720">
      <subfield code="a">Sanchez-Gomez, Luis Maria</subfield>
      <subfield code="e">author</subfield>
   </datafield>
   <datafield ind2=" " ind1=" " tag="260">
      <subfield code="c">2020</subfield>
   </datafield>
   <datafield ind2=" " ind1=" " tag="520">
      <subfield code="a">Objetivos: El objetivo de esta revisión bibliográfica es analizar la información disponible sobre la eficacia y seguridad de los dispositivos de luz ultravioleta (UV) y ozono en la desinfección de virus, especialmente en la desinfección del SARS-CoV-2. Metodología: Se ha realizado una revisión sistemática de la información científica recogida en las principales bases de datos biomédicas, PubMed, EMBASE y Cochrane Library, así como en las bases de datos WoS y CRD. También se realizó una búsqueda en las bases de datos de las principales agencias de evaluación de tecnologías sanitarias. Resultados: La búsqueda bibliográfica ha permitido incluir 15 estudios sobre la eficacia de la luz ultravioleta y ozono en la desinfección de virus. Ninguno de estos estudios analiza la eficacia de la desinfección en el SARS-CoV-2. Para analizar la eficacia de la radiación UV se han incluido 8 estudios primarios y un informe de evaluación de tecnologías sanitarias. Solo un estudio evaluaba la eficacia de la radiación en el ámbito hospitalario. Este estudio realizó un análisis de la eficacia de la radiación UV en la desinfección de habitaciones en un hospital pediátrico concluyendo que este tipo de dispositivo puede reducir la incidencia de infecciones en las vías respiratorias altas en niños. Dos de los estudios incluidos analizaron la eficacia de la radiación UV para la desinfección y reutilización de mascarillas. Los resultados de estos estudios indicaban que la radiación UV disminuía la carga vírica de las mascarillas, pero esta reducción podría no ser suficiente para lograr la desinfección. Por otro lado, la reducción de patógenos depende del tipo de patógeno y del diseño y material de las mascarillas. Por último, se han incluido cinco estudios que estudian a escala de laboratorio la eficacia de la radiación UV en la desinfección de distintos patógenos, entre los que se incluyen SARS-CoV y MERS-CoV. En todos estos estudios se concluye que la UV sería eficaz en la reducción de patógenos, aunque sería más efectiva para la desinfección de bacterias que para virus.</subfield>
   </datafield>
   <datafield ind1="8" ind2=" " tag="024">
      <subfield code="a">Revisión bibliográfica sobre eficacia y seguridad de la luz ultravioleta y ozono para la desinfección de superficies. Madrid: Instituto de Salud Carlos III; 2020.</subfield>
   </datafield>
   <datafield ind1="8" ind2=" " tag="024">
      <subfield code="a">10.4321/repisalud.10618</subfield>
   </datafield>
   <datafield ind1="8" ind2=" " tag="024">
      <subfield code="a">http://hdl.handle.net/20.500.12105/10618</subfield>
   </datafield>
   <datafield tag="653" ind2=" " ind1=" ">
      <subfield code="a">Luz ultravioleta</subfield>
   </datafield>
   <datafield tag="653" ind2=" " ind1=" ">
      <subfield code="a">Ozono</subfield>
   </datafield>
   <datafield tag="653" ind2=" " ind1=" ">
      <subfield code="a">Desinfección</subfield>
   </datafield>
   <datafield tag="653" ind2=" " ind1=" ">
      <subfield code="a">SARS- Cov_2</subfield>
   </datafield>
   <datafield tag="653" ind2=" " ind1=" ">
      <subfield code="a">COVID-19</subfield>
   </datafield>
   <datafield ind2="0" ind1="0" tag="245">
      <subfield code="a">Revisión bibliográfica sobre eficacia y seguridad de la luz ultravioleta y ozono para la desinfección de superficies</subfield>
   </datafield>
</record></metadata></record></GetRecord></OAI-PMH>